Statistics for Movies By 1 Actor and 1 Actress Part 12

Click here to take the quiz!

General Stats

  • This quiz has been taken 11 times
  • The average score is 10 of 26

Answer Stats

CastMovie% Correct
Julia Roberts, Richard GerePretty Woman
100%
Ben Affleck, Gal GadotJustice League
80%
Bruce Willis, Helen MirrenRED
70%
Nicolas Cage, Diane KrugerNational Treasure
50%
Bill Murray, Karen AllenScrooged
50%
Kirsten Dunst, Paul BettanyWimbledon
50%
Tom Hiddleston, Jessica ChastainCrimson Peak
40%
Ryan Gosling, Carey MulliganDrive
40%
Matthew McConaughey, Jennifer GarnerGhosts of Girlfriend's Past
40%
Daryl Sabara, Alexa VegaSpy Kids
40%
Denzel Washington, Carla GuginoAmerican Gangster
30%
Mark Wahlberg, Kate HudsonDeepwater Horizon
30%
Rosamund Pike, Dwayne JohnsonDoom
30%
Michael B. Jordan, Sofia BoutellaFahrenheit 451
30%
Jessie Buckley, Jesse PlemonsI'm Thinking of Ending Things
30%
Uma Thurman, Andy GarciaJennifer 8
30%
Ed Harris, Elizabeth OlsenKodachrome
30%
Ethan Hawke, Emma WatsonRegression
30%
Tom Hanks, Jennifer Jason LeighRoad to Perdition
30%
Patrick Wilson, Vera FarmigaThe Conjuring
30%
James McAvoy, Rosario DawsonTrance
30%
Bryan Cranston, Elle FanningTrumbo
30%
Emily Watson, Benedict CumberbatchWar Horse
30%
Jason Segel, Lily CollinsWindfall
30%
Colin Farrell, Lea SeydouxThe Lobster
20%
Joaquin Phoenix, Rooney MaraDon't Worry, He Won't Get Far on Foot
0%

Score Distribution

Percentile by Number Answered

Percent of People with Each Score

Your Score History

You have not taken this quiz